000 03953namaa22004211i 4500
003 OSt
005 20260625120141.0
008 250827s2025 ua a|||frm||| 000 0 eng d
040 _aEG-GICUC
_bara
_cEG-GICUC
_dEG-GICUC
_erda
041 0 _aara
_bara
_beng
049 _aإيداع
082 0 4 _a722.7
092 _a722.7
_221
097 _aمــــاجستير
099 _aCai01.14.04.M.Sc.2025.مح.م
100 0 _a،محمود محمد عبد اللطيف أحمد
_eإعداد.
245 1 0 _aالمنشآت الترفيهية في بلاد الغال خلال الثلاث قرون الأولي للميلاد /
_cإعداد محمود محمد عبد اللطيف أحمد؛ إشراف أ.د.خالد غريب علي أحمد شاهين، أ.د.منال أبو القاسم محمد.
246 1 5 _aEntertainment buildings in gaul during the first three centuries a.d /
264 0 _c2025.
300 _a262 صفحة :
_bإيضاحيات ؛
_c30 سم. +
_eCD.
336 _atext
_2rda content
337 _aUnmediated
_2rdamedia
338 _avolume
_2rdacarrier
502 _aأطروحة (ماجستير)-جامعة القاهرة، 2025.
504 _aببليوجرافيا: صفحات 249-262.
520 _aيتناول البحث موضوع المنشآت الترفيهية في بلاد الغال خلال الثلاث قرون الأولي للميلاد وينقسم البحث إلي عدة أقسام كالتالي تمهيد وخمسة فصول وخاتمة وملاحق وجاءت على رأسهم جميعًا المقدمة التي تعرض أهمية البحث وأسباب اختيار الموضوع بالإضافة إلى الدراسات السابقة.الفصل الأول يتناول أولاً: المسارح الرومانية الطراز في بلاد الغال، ثانيًا: مباني الأوديون ،الفصل الثاني يتناول مباني المجالدة في بلاد الغال، الفصل الثالث يتناول المباني الترفيهية ذات الوظيفة المزدوجة ( المسرح – مباني المجالدة).الفصل الرابع يتناول مباني مضمار السباق. الفصل الخامس يتناول الدراسة التحليلية، ثم تأتي الخاتمة.
520 _aThe research deals with the topic of Entertainment Buildings in Gaul during the first three centuries AD. The research is divided into several sections as follows: an introduction, five chapters, a conclusion, and appendices. The most important of them all is the introduction, which presents the importance of the research and the reasons for choosing the topic, in addition to previous studies. Chapter One deals first with Roman-style theatres in Gaul. Second, with the Odeon buildings. Chapter Two deals with Roman Amphitheatres in Gaul. Chapter Three deals with dual-functional entertainment buildings (theatre and Amphitheatres). Chapter Four deals with hippodromus buildings. Chapter Five provides an analytical study, followed by a conclusion.
530 _aصدر أيضًا كقرص مدمج.
546 _aالنص بالعربية والملخص باللغة الإنجليزية والعربية.
650 7 _aالعمارة الرومانية
_2qrmak
653 0 _aالمسارح
_aالأوديون
_aمباني المجالدة
700 0 _aخالد غريب علي أحمد شاهين
_eمشرف أطروحة.
700 0 _aمنال أبو القاسم محمد
_eمشرف أطروحة.
900 _b08-03-2025
_cخالد غريب علي أحمد شاهين
_cمنال أبو القاسم محمد
_dممدوح المصري
_dعبد الرحمن علي
_Uجامعة القاهرة
_Fكلية الآثار
_Dقسم الآثار اليونانية والرومانية
905 _aSara
942 _2ddc
_cTH
_e21
_n0
999 _c180614